[Event "AUTO-INT-188"]
[Site "http://www.queenalice.com/game.php?id=110740"]
[Date "2006.9.28"]
[Round "1"]
[White "juve_leo"]
[Black "Esnar"]
[Result "0-1"]
[WhiteElo "1516"]
[BlackElo "1783"]

1. d4 Nf6 2. c4 e6 3. Nf3 b6 4. Bf4 Bb7 5. e3 Be7 6. Be2 O-O 7. O-O d5 8. Nbd2
Nbd7 9. cxd5 Nxd5 10. Bb5 Nxf4 11. Bxd7 Nh3+ 12. gxh3 Qxd7 13. Qc2 c5 14. Rad1
Rac8 15. Ne4 Qd5 16. Nfd2 cxd4 17. Qb3 Qf5 18. exd4 Bxe4 19. a4 Bc2 20. Qf3 Qxf3
21. Nxf3 Bxd1 22. Rxd1 Rfd8 23. h4 Bf6 24. b4 Rc4 0-1

[Event "AUTO-INT-188"]
[Site "http://www.queenalice.com/game.php?id=110741"]
[Date "2006.9.28"]
[Round "1"]
[White "Esnar"]
[Black "juve_leo"]
[Result "1-0"]
[WhiteElo "1793"]
[BlackElo "1516"]

1. d4 d5 2. c4 c6 3. Nc3 Bf5 4. Nf3 Nf6 5. Qb3 b6 6. cxd5 cxd5 7. e3 Be4 8. Be2
e6 9. O-O Bd6 10. h3 O-O 11. Nxe4 Nxe4 12. Bd3 f5 13. Bxe4 fxe4 14. Nd2 a5 15.
f3 exf3 16. Rxf3 Rxf3 17. Nxf3 a4 18. Qb5 Ra5 19. Qe2 b5 20. Bd2 b4 21. a3 Ra7
22. Bxb4 Bxb4 23. axb4 1-0

[Event "AUTO-INT-188"]
[Site "http://www.queenalice.com/game.php?id=110758"]
[Date "2006.9.28"]
[Round "1"]
[White "Esnar"]
[Black "ashrioto"]
[Result "0-1"]
[WhiteElo "1829"]
[BlackElo "1527"]

1. d4 d5 2. c4 dxc4 3. Nc3 h6 4. e4 e6 5. Bxc4 Bb4 6. Nf3 c6 7. O-O Nf6 8. e5
Bxc3 9. bxc3 Ne4 10. Qc2 b5 11. Bd3 Ng5 12. Nxg5 hxg5 0-1

[Event "AUTO-INT-188"]
[Site "http://www.queenalice.com/game.php?id=110759"]
[Date "2006.9.28"]
[Round "1"]
[White "ashrioto"]
[Black "Esnar"]
[Result "0-1"]
[WhiteElo "1600"]
[BlackElo "1800"]

1. e4 c5 2. Bc4 e6 3. e5 a6 4. a4 Nc6 5. f4 d6 6. h3 dxe5 7. fxe5 Qh4+ 8. Kf1
Qxc4+ 9. d3 Qd5 10. Bf4 Nxe5 11. Nc3 Qd4 12. Bxe5 Qxe5 13. Nf3 Qc7 14. Qe1 Be7
15. Qf2 Nf6 16. Re1 O-O 17. Ne2 b5 18. Ra1 Bb7 19. Nh4 Nd5 20. g3 Ne3+ 21. Qxe3
Bxh1 22. axb5 axb5 23. Nf3 Rxa1+ 24. Kf2 Bxf3 25. Qxf3 Ra2 26. Nc3 Rxb2 27. Qe2
Ra8 28. Nd1 Rb1 0-1

[Event "AUTO-INT-188"]
[Site "http://www.queenalice.com/game.php?id=110760"]
[Date "2006.9.28"]
[Round "1"]
[White "Esnar"]
[Black "vgovidal"]
[Result "1-0"]
[WhiteElo "1893"]
[BlackElo "1906"]

1. d4 Nf6 2. c4 e6 3. Nf3 d5 4. cxd5 Nxd5 5. Nc3 Bb4 6. Qc2 Nc6 7. e4 Nxc3 8.
bxc3 Ba5 9. Ba3 a6 10. Bd3 b5 11. Rb1 Nxd4 12. Nxd4 Qxd4 13. Bb4 Bxb4 14. cxb4
O-O 15. O-O e5 16. Rfd1 Qb6 17. Be2 f5 18. Bf3 f4 19. Rd5 Re8 20. Rc1 Ra7 21.
Rc5 Re7 22. Qc3 Qf6 23. Rc6 Qf7 24. Bd1 Be6 25. a3 Bc4 26. Rc5 Qe6 27. h3 Qd6
28. Bb3 Bxb3 29. Qxb3+ Kf8 30. Rd5 Qe6 31. Qd3 Kf7 32. Rcc5 Qf6 33. Qc3 c6 34.
Rxc6 Re6 35. Rxe6 Qxe6 36. Rxe5 Qd6 37. Qb3+ Kf6 38. Rf5+ Kg6 39. Qf3 h6 40. e5
Qe6 41. Rxf4 Kh7 42. Qd3+ Kg8 43. Qd8+ Kh7 44. Qd6 Re7 45. Qxe6 Rxe6 46. Re4 g5
47. g4 Kg6 48. Kg2 h5 49. Kf3 h4 50. Ke3 Rc6 51. e6 Rc8 52. e7 Kf7 53. e8=Q+
Rxe8 54. Rxe8 Kxe8 55. Ke4 Kd7 56. Kf5 Kd6 57. Kxg5 Kd5 58. f4 Kc4 59. f5 Kb3
60. f6 Kxa3 61. f7 Kxb4 62. f8=Q+ Ka4 63. Kxh4 a5 64. g5 b4 65. g6 Ka3 66. g7 a4
67. g8=Q 1-0

[Event "AUTO-INT-188"]
[Site "http://www.queenalice.com/game.php?id=110761"]
[Date "2006.9.28"]
[Round "1"]
[White "vgovidal"]
[Black "Esnar"]
[Result "0-1"]
[WhiteElo "1953"]
[BlackElo "1872"]

1. e4 c5 2. Nf3 d6 3. Bc4 Bg4 4. h3 Bh5 5. Nc3 Nc6 6. d3 a6 7. O-O Ne5 8. g4
Nxc4 9. dxc4 Bg6 10. Nh4 e6 11. Nxg6 fxg6 12. g5 Ne7 13. Qg4 Qd7 14. Bf4 O-O-O
15. Rad1 e5 16. Qxd7+ Rxd7 17. Bg3 Nc6 18. Nd5 Rf7 19. c3 Ne7 20. Kg2 Nxd5 21.
cxd5 Be7 22. h4 h6 23. f4 exf4 24. Rxf4 Rxf4 25. Bxf4 Re8 26. Re1 Kd7 27. Kg3
Bd8 28. gxh6 gxh6 29. Bxh6 Rh8 30. Bg5 Bxg5 31. hxg5 Rh5 32. Kg4 Rh2 33. Rb1
Rg2+ 34. Kf4 b5 35. a3 c4 36. b3 Rf2+ 37. Ke3 Rc2 38. Kd4 Rd2+ 39. Ke3 Rd3+ 40.
Kf4 Rxc3 41. bxc4 Rxc4 42. Rh1 Ra4 43. Rh7+ Kd8 44. Rg7 Rxa3 45. Rxg6 Kc7 46.
Rg7+ Kb6 47. Rd7 Kc5 0-1

[Event "AUTO-OPEN-381"]
[Site "http://www.queenalice.com/game.php?id=135651"]
[Date "2006.12.1"]
[Round "2"]
[White "Esnar"]
[Black "mrshogi"]
[Result "1-0"]
[WhiteElo "1893"]
[BlackElo "2108"]

1. d4 Nf6 2. c4 g6 3. Nc3 Bg7 4. e4 d6 5. Nf3 O-O 6. Be2 e5 7. Bg5 h6 8. Bh4
Nbd7 9. dxe5 dxe5 10. O-O c6 11. b4 Qc7 12. Qc2 b6 13. h3 Re8 14. Bg3 Nh5 15.
Bh2 Bb7 16. Rfe1 Nf4 17. Bxf4 exf4 18. Nd2 a5 19. a3 axb4 20. axb4 Ne5 21. f3
Qe7 22. b5 Qh4 23. Rab1 cxb5 24. Rxb5 Nc6 25. Rbb1 Bc8 26. Bf1 Bd4+ 27. Kh1 Qg3
28. Ne2 Qh4 29. Nxd4 Nxd4 30. Qb2 Ne6 31. Qxb6 Ng5 32. Red1 Be6 33. c5 Ra2 34.
c6 Rc8 35. c7 Kh7 36. Qc5 Raa8 37. Rdc1 Ra2 38. Rc2 Rxc2 39. Qxc2 Qf2 40. Rc1
Qb6 41. h4 Kg7 42. hxg5 hxg5 43. Qc5 1-0

[Event "AUTO-OPEN-381"]
[Site "http://www.queenalice.com/game.php?id=135652"]
[Date "2006.12.1"]
[Round "2"]
[White "mrshogi"]
[Black "Esnar"]
[Result "0-1"]
[WhiteElo "2099"]
[BlackElo "1834"]

1. d4 Nf6 2. Nf3 e6 3. Bf4 c5 4. c3 Nc6 5. e3 Be7 6. h3 O-O 7. Nbd2 a6 8. Bd3 b5
9. O-O d5 10. a3 Bb7 11. Re1 h6 12. Qe2 c4 13. Bc2 Re8 14. e4 Nh7 15. exd5 exd5
16. Qf1 Qd7 17. Ne5 Nxe5 18. Bxe5 Bd6 19. Bxd6 Qxd6 20. Nf3 Nf6 21. Ne5 Nd7 22.
f4 Kf8 23. Qf3 Bc8 24. Qh5 Re7 25. Re2 Nf6 26. Qh4 Bd7 27. Rae1 Rae8 28. g4 Bc6
29. Qf2 Ne4 30. Bxe4 dxe4 31. Re3 Bb7 32. h4 Kg8 0-1

[Event "AUTO-OPEN-381"]
[Site "http://www.queenalice.com/game.php?id=135653"]
[Date "2006.12.1"]
[Round "2"]
[White "Esnar"]
[Black "juliux"]
[Result "1-0"]
[WhiteElo "1860"]
[BlackElo "1755"]

1. d4 d5 2. c4 dxc4 3. Nf3 b5 4. a4 c6 5. Nc3 Bd7 6. e4 a6 7. axb5 cxb5 8. Be2
Bg4 9. Nxb5 Qc8 10. Ne5 Bxe2 11. Qxe2 Nf6 12. f3 Qb7 13. Nc3 Nfd7 14. Nxd7 Nxd7
15. Qxc4 Rc8 16. Qxa6 Qxa6 17. Rxa6 e6 18. O-O Bb4 19. Bf4 Bxc3 20. bxc3 O-O 21.
Bd6 Rfe8 22. Ra7 Nb6 23. Bc5 Nc4 24. Rb1 Rb8 25. Rb4 Rxb4 26. cxb4 Nb2 27. b5
Nd3 28. b6 Nxc5 29. dxc5 1-0

[Event "AUTO-OPEN-381"]
[Site "http://www.queenalice.com/game.php?id=135654"]
[Date "2006.12.1"]
[Round "2"]
[White "juliux"]
[Black "Esnar"]
[Result "0-1"]
[WhiteElo "1781"]
[BlackElo "1847"]

1. e4 c5 2. Nf3 d6 3. Nc3 Nf6 4. d3 Nc6 5. Be2 g6 6. Bg5 Bg7 7. O-O O-O 8. a3 a6
9. Rb1 b5 10. Bxf6 Bxf6 11. Na2 Rb8 12. b4 cxb4 13. axb4 Be6 14. c4 Qb6 15. cxb5
Bxa2 16. bxc6 Bxb1 17. Qxb1 Qxc6 18. Rc1 Rxb4 19. Rxc6 Rxb1+ 20. Bf1 Ra8 21. Nd2
Rb7 22. g3 a5 23. Nc4 a4 24. Rb6 Rxb6 25. Nxb6 a3 26. Nd7 Bd4 27. Kg2 a2 0-1

[Event "Challenge"]
[Site "http://www.queenalice.com/game.php?id=135752"]
[Date "2006.12.1"]
[Round "-"]
[White "Trophonius"]
[Black "Esnar"]
[Result "0-1"]
[WhiteElo "1780"]
[BlackElo "1816"]

1. e4 c5 2. Nf3 d6 3. d4 cxd4 4. Nxd4 Nf6 5. Nc3 a6 6. Bg5 e6 7. f4 Be7 8. Qf3
Qc7 9. O-O-O Nc6 10. Nxc6 Qxc6 11. Bd3 b5 0-1

[Event "Challenge"]
[Site "http://www.queenalice.com/game.php?id=179132"]
[Date "2007.3.9"]
[Round "-"]
[White "Esnar"]
[Black "Nelson"]
[Result "0-1"]
[WhiteElo "1864"]
[BlackElo "2223"]

1. d4 d5 2. c4 dxc4 3. Nc3 Nf6 4. e4 e5 5. Nf3 exd4 6. Nxd4 c5 7. Ndb5 a6 8. Qa4
Bd7 9. Bf4 Be7 10. Qa3 O-O 11. Bxc4 Nc6 12. Nc7 Nh5 13. Nxa8 Nxf4 14. O-O-O Ne5
15. Rxd7 Qxd7 16. Nb6 Qd4 17. Qb3 Nxg2 18. Rd1 Qxf2 19. Ncd5 Bd8 20. Qg3 Qxg3
21. hxg3 Bxb6 22. Bf1 c4 23. Nxb6 Ne3 0-1

[Event "Challenge"]
[Site "http://www.queenalice.com/game.php?id=185326"]
[Date "2007.3.21"]
[Round "-"]
[White "Bitencourt"]
[Black "Esnar"]
[Result "0-1"]
[WhiteElo "1434"]
[BlackElo "1918"]

1. c4 e5 2. Nc3 Nf6 3. Nf3 Nc6 4. d4 e4 5. Ng5 Bb4 6. Bd2 Nxd4 7. Ncxe4 Nc6 8.
Bxb4 Nxb4 9. a3 Nc6 10. e3 h6 11. Nxf6+ Qxf6 12. Ne4 Qxb2 13. Be2 d6 14. O-O O-O
15. Bd3 Ne5 16. Be2 Re8 17. Re1 Nxc4 18. Nf6+ Qxf6 19. Bxc4 Bf5 20. Qb3 b6 21.
Rac1 c6 0-1

[Event "AUTO-OPEN-385"]
[Site "http://www.queenalice.com/game.php?id=186464"]
[Date "2007.3.23"]
[Round "2"]
[White "TopMind"]
[Black "Esnar"]
[Result "1-0"]
[WhiteElo "2058"]
[BlackElo "1853"]

1. d4 Nf6 2. c4 e6 3. Bf4 d5 4. Nc3 dxc4 5. e4 Bb4 6. Qc2 Qxd4 7. Bxc7 Nc6 8. a3
Bxc3+ 9. bxc3 Qxe4+ 10. Qxe4 Nxe4 11. Bxc4 Nxc3 12. Nf3 O-O 13. O-O Nd5 14. Bg3
b6 15. Rfd1 1-0

[Event "AUTO-OPEN-385"]
[Site "http://www.queenalice.com/game.php?id=186465"]
[Date "2007.3.23"]
[Round "2"]
[White "Esnar"]
[Black "TopMind"]
[Result "0-1"]
[WhiteElo "1862"]
[BlackElo "2050"]

1. d4 Nf6 2. c4 e6 3. Bg5 Be7 4. e3 d5 5. Nf3 Nbd7 6. Bd3 O-O 7. O-O h6 8. Bh4
c5 9. cxd5 Nxd5 10. Bg3 cxd4 11. Nxd4 N7f6 12. Nd2 Bd6 13. Bxd6 Qxd6 14. Nc4 Qe7
0-1

[Event "AUTO-OPEN-385"]
[Site "http://www.queenalice.com/game.php?id=186470"]
[Date "2007.3.23"]
[Round "2"]
[White "catfishcore"]
[Black "Esnar"]
[Result "0-1"]
[WhiteElo "1161"]
[BlackElo "1891"]

1. Nf3 d5 2. d4 c5 3. e3 Nc6 4. Bb5 Bg4 5. dxc5 Qa5+ 6. Nc3 Qb4 7. Qxd5 Bxf3 8.
Qxf3 Qxc5 9. O-O e6 10. Qe2 a6 11. Ne4 Qxb5 12. c4 Qe5 13. f3 Nf6 14. Qc2 Nxe4
15. fxe4 Be7 16. Rb1 Bd6 17. g3 O-O 18. b3 Nb4 19. Qf2 Qxe4 20. Bd2 Nxa2 21.
Rbd1 Rad8 22. Ra1 Bc5 23. Rfe1 Nb4 24. Bxb4 Bxb4 25. Rac1 Bxe1 26. Qxe1 Rd3 27.
b4 Rfd8 28. b5 Rd2 29. Qf1 Qxe3+ 30. Kh1 Rxh2+ 31. Kxh2 Rd2+ 32. Kh1 Qh6+ 0-1

[Event "AUTO-OPEN-385"]
[Site "http://www.queenalice.com/game.php?id=186471"]
[Date "2007.3.23"]
[Round "2"]
[White "Esnar"]
[Black "catfishcore"]
[Result "1-0"]
[WhiteElo "1845"]
[BlackElo "1161"]

1. d4 b6 2. c4 e6 3. e4 Bb4+ 4. Nc3 Bb7 5. e5 Nc6 6. a3 Be7 7. Qg4 g6 8. Nf3 h5
9. Qg3 h4 10. Qf4 f6 11. Qg4 g5 12. exf6 Bxf6 13. Bxg5 Na5 14. Bxf6 Nxf6 15.
Qg6+ Ke7 16. Qg7+ Kd6 17. Nb5+ Kc6 18. Ne5# 1-0

[Event "Challenge"]
[Site "http://www.queenalice.com/game.php?id=212892"]
[Date "2007.5.18"]
[Round "-"]
[White "Mike36bh"]
[Black "Esnar"]
[Result "1-0"]
[WhiteElo "1656"]
[BlackElo "1920"]

1. d4 Nf6 2. Nc3 d5 3. Bf4 Bf5 4. Nf3 e6 5. a3 c5 6. e3 Nc6 7. Bb5 Ne4 8. Nxe4
Bxe4 9. Bxc6+ bxc6 10. O-O Qb6 11. dxc5 Qxb2 12. Bd6 Bxd6 13. cxd6 O-O 14. Rb1
Qxa3 15. d7 Rfd8 16. Ne5 Qd6 17. Qh5 Bg6 18. Nxg6 hxg6 19. Qf3 Rxd7 20. c3 a5
21. Qd1 a4 22. Ra1 Rb7 23. Qc2 a3 24. Ra2 Qc5 25. Rfa1 e5 26. Qc1 f5 27. h3 Rb3
28. Rc2 1-0

[Event "AUTO-OPEN-381"]
[Site "http://www.queenalice.com/game.php?id=252223"]
[Date "2007.8.7"]
[Round "3"]
[White "Bob_Fischer"]
[Black "Esnar"]
[Result "1-0"]
[WhiteElo "2219"]
[BlackElo "1910"]

1. d4 Nf6 2. c4 e6 3. Nc3 d5 4. Nf3 c5 5. cxd5 Nxd5 6. e4 cxd4 7. Qxd4 Nxc3 8.
Qxc3 Nc6 9. a3 a6 10. Be2 Qf6 11. e5 Qg6 12. O-O Be7 13. Be3 O-O 14. Rfd1 f6 15.
Rac1 fxe5 16. Nxe5 Nxe5 17. Qxe5 Bf6 18. Qd6 Bxb2 19. Rc7 Bf6 20. f4 h6 21. Bd3
Qg4 22. Bc2 Re8 23. Rd2 1-0

[Event "AUTO-OPEN-381"]
[Site "http://www.queenalice.com/game.php?id=252224"]
[Date "2007.8.7"]
[Round "3"]
[White "Esnar"]
[Black "Bob_Fischer"]
[Result "0-1"]
[WhiteElo "1925"]
[BlackElo "2286"]

1. d4 Nf6 2. c4 e6 3. Nc3 Bb4 4. Nf3 d5 5. e3 O-O 6. Bd3 b6 7. O-O Ba6 8. Ne5
dxc4 9. Nxc4 c5 10. a3 Bxc3 11. bxc3 Qc7 12. Ne5 Bxd3 13. Qxd3 Rd8 14. f4 Nbd7
15. Bb2 Rac8 16. Rae1 Ne8 17. Nxd7 Qxd7 18. e4 Qa4 19. f5 exf5 20. Rxf5 Qb3 21.
Qb1 Nd6 22. Rf2 Nc4 23. Qd1 Qxd1 24. Rxd1 Rd7 25. Bc1 Rcd8 26. Rf3 Ne5 27. Rf5
f6 28. d5 Re8 29. Kf2 Nc4 30. Kf3 Nd6 31. Rf4 g6 32. c4 Rf7 33. h4 Nxc4 34. g4
Ne5+ 35. Ke2 g5 36. hxg5 fxg5 37. Rxf7 Nxf7 38. Kf3 h6 39. Bb2 Nd6 40. e5 Nc4
41. Ba1 Nxe5+ 42. Bxe5 Rxe5 43. d6 Re8 0-1

[Event "AUTO-INT-188"]
[Site "http://www.queenalice.com/game.php?id=253591"]
[Date "2007.8.10"]
[Round "2"]
[White "Esnar"]
[Black "aarongale"]
[Result "1-0"]
[WhiteElo "1916"]
[BlackElo "1742"]

1. d4 g6 2. c4 Bg7 3. Nf3 c5 4. e4 d6 5. Nc3 Bg4 6. dxc5 Bxf3 7. Qxf3 Nc6 8.
cxd6 Qxd6 9. Bf4 e5 10. Nb5 Qb4+ 11. Bd2 Qxb2 12. Bc3 Qc2 13. Bd3 Qa4 14. Nc7+
Ke7 15. Nxa8 Nd4 16. Bxd4 exd4 17. O-O Be5 18. Qe2 Qe8 19. f4 Bd6 20. e5 Bb8 21.
Rab1 Qc8 22. Qe4 b6 23. c5 Nh6 24. cxb6 axb6 25. Nxb6 Qd8 26. Qd5 Qxd5 27. Nxd5+
Kf8 28. Rxb8+ Kg7 29. Rxh8 Kxh8 30. a4 1-0

[Event "AUTO-INT-188"]
[Site "http://www.queenalice.com/game.php?id=253592"]
[Date "2007.8.10"]
[Round "2"]
[White "aarongale"]
[Black "Esnar"]
[Result "0-1"]
[WhiteElo "1750"]
[BlackElo "1906"]

1. e4 c5 2. Bc4 Nc6 3. d3 Nf6 4. Nd2 e6 5. c3 d5 6. exd5 exd5 7. Bb3 Be7 8. c4
O-O 9. Ngf3 Nb4 10. Qe2 Bf5 11. cxd5 Nfxd5 12. Ne4 Nf6 13. Nxf6+ Bxf6 14. Bc2
Re8 15. Be3 c4 16. Rd1 cxd3 17. Bxd3 Bxd3 18. Rxd3 Nxd3+ 19. Kf1 Nc1 20. Qe1
Qd3+ 21. Kg1 Ne2+ 22. Kf1 Nf4+ 23. Kg1 Bxb2 24. g3 Bc3 25. Qf1 Rxe3 26. fxe3
Qxe3+ 0-1